Narodowość piłkarzy w Ekstraklasie w sezonie 23/24 - Statystyki

Ogólne statystyki
  • Ten quiz został rozwiązany 133 razy
  • Średni wynik to 35 z 49
Statystyki odpowiedzi
Narodowość Wartość (w mln) Liczba piłkarzy % Poprawnych
Polska 129,775 355
100%
Hiszpania 14,7 20
98%
Portugalia 14,5 20
96%
Słowacja 5,95 10
96%
Niemcy 2,9 6
95%
Czechy 3,35 8
93%
Ukraina 5,975 8
93%
Szwecja 10 6
90%
Chorwacja 9,9 7
88%
Norwegia 6,3 3
88%
Brazylia 2,225 8
86%
Finlandia 2,6 4
86%
Francja 1,05 3
86%
Rosja 0,15 1
86%
Słowenia 5,25 8
86%
Litwa 0,4 1
85%
Japonia 2,15 3
84%
Białoruś 1,05 2
83%
Grecja 10,15 10
83%
Łotwa 1 2
83%
Anglia 0,4 2
81%
Dania 2,35 5
81%
Holandia 1,025 3
80%
Bośnia i Hercegowina 3 7
79%
Serbia 10,45 6
79%
Austria 0,75 3
78%
Belgia 0,4 1
77%
Rumunia 6,65 9
76%
Albania 5,65 3
74%
Szwajcaria 3,75 3
71%
Bułgaria 0,9 1
69%
Turcja 0,5 1
69%
Węgry 0,15 1
69%
Kanada 0,9 2
67%
Mołdawia 0,4 1
67%
Szkocja 0,35 1
67%
Macedonia Północna 1,15 2
64%
Gruzja 1,9 3
60%
Kolumbia 1,7 2
57%
Iran 1,525 2
52%
Armenia 1,2 1
50%
Izrael 0,4 1
46%
Ekwador 1,5 1
45%
Malta 0,4 1
42%
Wybrzeże Kości Słoniowej 0,5 1
34%
Demokratyczna Republika Konga 0,45 2
31%
Angola 0,7 1
29%
Republika Zielonego Przylądka 0,5 1
17%
Mauritius 0,3 1
12%
Nie znaleziono quizów pasujących do podanych kryteriów
Rozkład punktacji
Procent ludzi z każdym wynikiem
Percentyl według liczby udzielonych odpowiedzi
Twoja historia wyników
Nie rozwiązałeś tego quizu